| 000 | 00899nam a2200241 a 4500 | ||
|---|---|---|---|
| 001 | 000021096 | ||
| 003 | DO-SdBNP | ||
| 005 | 20250401135740.0 | ||
| 008 | 100831s2001 dr ac 001 0 spa d | ||
| 040 |
_aDO-SdBNP _bspa _cBNPHU |
||
| 049 | _aBNPD | ||
| 082 | 4 |
_a972.9364 _bP349n _222 |
|
| 100 | 1 |
_aPeña Melo, Alfonso _944115 |
|
| 245 | 1 | 0 |
_aNagüeros : _bgrandes biografías / _cAlfonso Peña Melo ; prólogo Rafael Chaljub Mejía. |
| 246 | 1 | 4 |
_aPersonajes de mi pueblo: _bNagüeros, grandes biografías |
| 260 |
_aNagua, República Dominicana : _bEdiciones Alpe, _c2001. |
||
| 300 |
_av. : _bil. , retrs. ; _c22 cm. |
||
| 500 | _aIncluye datos biográficos del autor en la solapa | ||
| 651 | 0 |
_aNagua (República Dominicana) _vBiografías _944116 |
|
| 651 | 4 |
_aNagua (República Dominicana) _xHistoria local _910488 |
|
| 700 | 1 |
_aChaljub Mejía, Rafael _d1942- _epról. _918985 |
|
| 942 |
_2ddc _cLBS1 |
||
| 999 |
_c20598 _d20598 |
||